000
00285nam a2200121Ia 4500
005
20251222155139.0
008
251222s9999||||xx |||||||||||||| ||spa||
082
_a
PED.54
245
0
_a
Manual de vacunas en pediatrĂa
250
_a
1ra. ed.
264
_b
Latinoamericana
942
_c
LIB
999
_c
39101
_d
39101